Copa America mitalistit - Statistics

Yleistilastot
  • Tätä visaa on pelattu 21 kertaa
  • Keskiarvotulos 8 / 9
Vastaustilastot
Kulta Hopea Maa % Oikein
15 14 Argentiina
100%
9 11 Brasilia
100%
1 1 Kolumbia
100%
2 6 Paraguay
100%
15 6 Uruguay
100%
1 1 Bolivia
95%
2 4 Chile
95%
2 1 Peru
90%
0 2 Meksiko
60%
Ehtoja vastaavia visoja ei löytynyt
Tulosjakauma
Jokaisen tuloksen saaneiden osuus
Persentiili vastausten määrän mukaan
Tuloshistoriasi
Et ole pelannut tätä visaa